Catálogo público

Pesticides and Human Health / (Record no. 205156)

MARC details
000 -CABECERA
campo de control de longitud fija 00808nam a2200277Ia 4500
001 - NÚMERO DE CONTROL
campo de control Para_6416
003 - IDENTIFICADOR DEL NÚMERO DE CONTROL
campo de control CHAP
008 - DATOS DE LONGITUD FIJA--INFORMACIÓN GENERAL
campo de control de longitud fija 220125s1985 xx 000 0 und d
010 ## - NÚMERO DE CONTROL DE LA BIBLIOTECA DEL CONGRESO
Número de control de LC 205156
040 ## - FUENTE DE LA CATALOGACIÓN
Centro/agencia transcriptor CHAP
082 ## - NÚMERO DE LA CLASIFICACIÓN DECIMAL DEWEY
Número de clasificación PA 615.9 H35
100 ## - ENTRADA PRINCIPAL--NOMBRE DE PERSONA
Nombre de persona Hallenbeck, William H.
9 (RLIN) 171140
245 ## - MENCIÓN DE TÍTULO
Título Pesticides and Human Health /
Mención de responsabilidad, etc. William H. Hallenbeck, Kathleen M. Cunningham- Burns
260 ## - PUBLICACIÓN, DISTRIBUCIÓN, ETC.
Lugar de publicación, distribución, etc. New York :
Nombre del editor, distribuidor, etc. Springer-Verlag
300 ## - DESCRIPCIÓN FÍSICA
Extensión 166 p.
650 ## - PUNTO DE ACCESO ADICIONAL DE MATERIA--TÉRMINO DE MATERIA
Término de materia o nombre geográfico como elemento de entrada Pesticidas
Subdivisión general efecto en medio ambiente
9 (RLIN) 164039
650 ## - PUNTO DE ACCESO ADICIONAL DE MATERIA--TÉRMINO DE MATERIA
Término de materia o nombre geográfico como elemento de entrada Pesticidas
Subdivisión general toxicidad
9 (RLIN) 87571
700 ## - PUNTO DE ACCESO ADICIONAL--NOMBRE DE PERSONA
Nombre de persona Cunningham
Número Internacional Normalizado para Publicaciones Seriadas Burns, Kathleen
9 (RLIN) 171141
901 ## - ELEMENTOS DE DATOS A LOCAL LDA (RLIN)
a PA 615.9 H35
902 ## - ELEMENTOS DE DATOS B LOCAL, LDB (RLIN)
a A
905 ## - ELEMENTOS DE DATOS E LOCAL, LDE (RLIN)
a 0000001985 0000000000 00
910 ## - DATOS DE OPCIÓN DEL USUARIO (OCLC)
Datos de opción del usuario 1985
942 ## - ELEMENTOS DE PUNTO DE ACCESO ADICIONAL (KOHA)
Tipo de ítem Koha Parasitologia_
942 ## - ELEMENTOS DE PUNTO DE ACCESO ADICIONAL (KOHA)
Tipo de ítem Koha Parasitologia_
-- 1
Holdings
Estado de retiro Estado de pérdida Fuente del sistema de clasificación o colocación Estado dañado Restricciones de uso No para préstamo Código de colección Localización permanente Ubicación/localización actual Fecha de adquisición Número de inventario Total de préstamos Signatura topográfica completa Código de barras Fecha visto por última vez Número de copia Precio válido a partir de Tipo de ítem Koha Nota pública
    Dewey Decimal Classification   Préstamo interno   General Parasitologia Agricola Parasitologia Agricola 27/10/2005 (PA_3721) (No. UACh 125413)   PA 615.9 H35 4102001272 25/01/2022 Ej.1 25/01/2022 Libro 3